书目信息 |
| 题名: |
《资本论》摘编
|
|
| 作者: | 杨春峰 编选 | |
| 分册: | ||
| 出版信息: | 北京 人民出版社 1997.01 |
|
| 页数: | 106页 | |
| 开本: | 32开 | |
| 丛书名: | ||
| 单 册: | ||
| 中图分类: | A811.23 | |
| 科图分类: | ||
| 主题词: | 马恩著作--学习 , 马恩著作研究 | |
| 电子资源: | ||
| ISBN: | 7-01-002545-2 | |
| 000 | 00583nam0 2200205 45 | |
| 001 | 0008141570 | |
| 005 | 20000814155257.2 | |
| 010 | @a7-01-002545-2@d6.50元 | |
| 100 | @a20000814d1997 km y0chiy0120 ea | |
| 101 | 0 | @achi |
| 105 | @a z 000yy | |
| 200 | 1 | @a《资本论》摘编@A《Zi Ben Lun》Zhai Bian@f杨春峰 编选@FYang Chun Feng Bian Xuan |
| 210 | @a北京@c人民出版社@d1997.01 | |
| 215 | @a106页@d32开 | |
| 606 | 0 | @a马恩著作@x学习 |
| 606 | 0 | @a马恩著作研究 |
| 690 | @aA811.23@v3 | |
| 701 | 0 | @a杨春峰@4编选 |
| 801 | @aCN@bPftUser@c20000814 | |
| 905 | @b106102-106@dA811.23@eY237@f5 | |
| 《资本论》摘编/杨春峰 编选.-北京:人民出版社,1997.01 |
| 106页;32开 |
| ISBN 7-01-002545-2:6.50元 |
| ● |
| 相关链接 |
|
|
|
正题名:《资本论》摘编
索取号:A811.23/Y237
 
预约/预借
| 序号 | 登录号 | 条形码 | 馆藏地/架位号 | 状态 | 备注 |
| 1 | 106102 | 201061028 | 社科库509/509社科库 4排2列1层/ [索取号:A811.23/Y237] | 在馆 | |
| 2 | 106103 | 201061037 | 社科库509/509社科库 4排2列1层/ [索取号:A811.23/Y237] | 在馆 | |
| 3 | 106104 | 201061046 | 社科库509/509社科库 4排2列1层/ [索取号:A811.23/Y237] | 在馆 | |
| 4 | 106105 | 201061055 | 社科库509/509社科库 4排2列1层/ [索取号:A811.23/Y237] | 在馆 | |
| 5 | 106106 | 201061064 | 社科库509/509社科库 4排2列1层/ [索取号:A811.23/Y237] | 在馆 |